000 00283nam a2200121Ia 4500
008 211105s9999 xx 000 0 und d
020 _aVYASA06806
100 _aMothilal Banarsidass
245 0 _aKadhasaritsagar
250 _a2nd
260 _bMotilal banarsidass
_c\N
300 _a596
999 _c9993
_d9993